000 00274nam a2200109Ia 4500
008 220204s9999 xx 000 0 und d
082 _a543.544
_bSTA
245 0 _aThin layer chromatography
260 _aNew york
_bSpringer Verlag
_c1969
700 _aStahl, Egon
942 _cBK
999 _c25628
_d25628